Statistics for Country and Capital Anagram Scramble #2

Click here to take the quiz!

General Stats

  • This quiz has been taken 62 times
  • The average score is 11 of 20

Answer Stats

Answer % Correct
Italy
86%
Rome
84%
Togo
84%
Lome
74%
Latvia
74%
Riga
74%
Morocco
70%
Rabat
64%
Libya
62%
Tripoli
56%
Cyprus
54%
Ireland
50%
Dublin
50%
Nicosia
48%
Serbia
42%
Chile
40%
Santiago
38%
Belgrade
38%
Estonia
30%
Tallinn
30%

Score Distribution

Percentile by Number Answered

Percent of People with Each Score

Your Score History

You have not taken this quiz